| 000 | 00688nam a2200181 i 4500 | ||
|---|---|---|---|
| 001 | 74079 | ||
| 003 | ES-MaACL | ||
| 005 | 20230906172018.0 | ||
| 007 | t| | ||
| 008 | 040915s1910 sp ||||1| spa d | ||
| 100 | 1 |
_aGonzález del Castillo, Juan Ignacio. _958583 |
|
| 245 | 1 | 3 |
_aLa recluta de cómicos _b: sainete inédito / _cde Juan Ignacio González del Castillo ; publicado a cura y expensas de Juan Luis Estelrich. |
| 260 |
_aCádiz : _b[s.n.], _c1910 ( _fImp. de la Revista Médica) |
||
| 300 |
_a22 p. ; _c19 cm. |
||
| 700 | 1 |
_aEstelrich, Juan Luis, _d1856-1923 _9151748 |
|
| 852 |
_aES-MaACL _jT-1426-F-6 _z.- Dedicatoria manuscrita de Estelrich |
||
| 999 |
_c74079 _d74079 |
||